000 00449 a2200145 4500
001 ART_41850
005 20260410162024.0
008 260409a
245 1 0 _aMaternidad adolescente en barrios pobres de Montevideo
100 1 _aRosa, Cecilia de
700 1 _aDoyenart, María José
700 1 _aLara, Cecilia
700 1 _aVarela, Carmen
773 0 _tNotas de población
_g- Año XLIII, Nº 103 (jul./dic. 2016)
_wREV41841
999 _c33356
_d33356